01264nam a2200277 a 450000100060000000300080000600500170001400800410003102000160007203500190008804000320010704100080013908200280014710000230017524501720019826000440037030000210041450001890043550400660062465000710069070000320076170000320079394200120082599900170083795201320085468073BD-RjUL20211209081728.0170330s1993 bg b 001 0 eng d a9840512188  a(BD-RjUL)68282 aDLCcDLCdDLCdBD-RjULbeng aeng 223a621.31042bHUM 19931 aHuq, M. M.915553010aMachinery manufacturing in Bangladesh :ban industry study with particular reference to technological capabiliy /cM. Mozammel Huq, K.M. Nabiul Islam and Nazrul Islam. aDhaka :bUniversity Press Ltd.,c1993. a175 p. ;c23 cm. a"Published in collaboration with Bangladesh Institute of Development Studies, Dhaka and Developing Countries Research Unit of the University of Strathclyde, Glasgow, U.K."--T.p. verso. aIncludes bibliographical references (p. [165]-172) and index. 0aMachinery industryxTechnological innovationszBangladesh.92017972 aNabiul Islam, K. M.92017981 aIslam, Nazrul,cDr.9201799 2ddccBK c68073d68073 00102ddc40718NFICaRUCLbRUCLcReadingd1999-01-31eAuthorl0o621.31042 HUM 1993r2017-03-30 00:00:00tC-1w2017-03-30yBK